000 00294 a2200109 4500
001 ART_38970
005 20260410161740.0
008 260409a
245 1 0 _aMala praxis de la ART
100 1 _aFavier, Daniela
773 0 _tDoctrina laboral
_g- NÂș 342 (feb. 2014)
_wREV4049
999 _c18649
_d18649